| 000 | 00756nam a22002415i 4500 | ||
|---|---|---|---|
| 001 | 178540 | ||
| 003 | ES-MaACL | ||
| 005 | 20250824221156.0 | ||
| 008 | 110607s1968 sp |||| | spa d | ||
| 080 | _a27-534.3 | ||
| 100 | 1 |
_aGonzález Núñez, Angel. _958843 |
|
| 245 | 1 | 3 |
_aLa oración en la Biblia / _cÁngel González. |
| 260 |
_aMadrid : _bCristiandad, _cD. L. 1968. |
||
| 300 |
_a450 p. ; _c22 cm. |
||
| 490 | 1 | _aLos libros del monograma | |
| 490 | 1 |
_aTeología y siglo XX ; _v9 |
|
| 504 | _aBibliografía: p. 435-439. | ||
| 650 | 0 | 4 |
_aOración. _915729 |
| 830 | 0 | 4 |
_aLos libros del monograma _9183512 |
| 830 | 0 |
_aTeología y siglo XX ; _v9 _9191015 |
|
| 852 |
_aES-MaACL _jE-15424 _xOlim P-315-Ter |
||
| 999 |
_c178540 _d178540 |
||